MARC details
| 000 -LEADER |
| fixed length control field |
04170cam a2200361 a 4500 |
| 001 - CONTROL NUMBER |
| control field |
368048435 |
| 003 - CONTROL NUMBER IDENTIFIER |
| control field |
OCoLC |
| 005 - DATE AND TIME OF LATEST TRANSACTION |
| control field |
20250123110409.0 |
| 007 - PHYSICAL DESCRIPTION FIXED FIELD--GENERAL INFORMATION |
| fixed length control field |
ta |
| 008 - FIXED-LENGTH DATA ELEMENTS--GENERAL INFORMATION |
| fixed length control field |
110803s2011 miuab b 001 0 eng |
| 020 ## - INTERNATIONAL STANDARD BOOK NUMBER |
| International Standard Book Number |
9780802838230 |
| Qualifying information |
(cloth ; |
| -- |
alk. paper) |
| 020 ## - INTERNATIONAL STANDARD BOOK NUMBER |
| International Standard Book Number |
0802838235 |
| Qualifying information |
(cloth ; |
| -- |
alk. paper) |
| 020 ## - INTERNATIONAL STANDARD BOOK NUMBER |
| Canceled/invalid ISBN |
9781467427142 |
| 035 ## - SYSTEM CONTROL NUMBER |
| System control number |
(OCoLC)368048435 |
| Canceled/invalid control number |
(OCoLC)790699263 |
| -- |
(OCoLC)809178308 |
| -- |
(OCoLC)1303790909 |
| 040 ## - CATALOGING SOURCE |
| Original cataloging agency |
DLC |
| Language of cataloging |
eng |
| Transcribing agency |
DLC |
| Modifying agency |
YDX |
| -- |
BTCTA |
| -- |
UKMGB |
| -- |
YDXCP |
| -- |
IK2 |
| -- |
ABG |
| -- |
BWX |
| -- |
CDX |
| -- |
VP@ |
| -- |
PUL |
| -- |
BDX |
| -- |
NNG |
| -- |
SGB |
| -- |
OCLCF |
| -- |
STF |
| -- |
CHVBK |
| -- |
SE4M6 |
| -- |
DILBD |
| -- |
OCLCQ |
| -- |
MOR |
| -- |
DHA |
| -- |
OCLCQ |
| -- |
OCLCO |
| -- |
OCLCA |
| -- |
IL4J6 |
| -- |
OCLCO |
| -- |
OCLCQ |
| -- |
YUS |
| -- |
CNTCS |
| -- |
OCLCO |
| -- |
FCX |
| -- |
OCLCO |
| 082 00 - DEWEY DECIMAL CLASSIFICATION NUMBER |
| Classification number |
220.61 |
| Edition information |
23 |
| Item number |
EER 1 |
| 245 04 - TITLE STATEMENT |
| Title |
The Eerdmans companion to the Bible / |
| Statement of responsibility, etc. |
edited by, Gordon D. Fee and Robert L. Hubbard, Jr |
| 260 ## - PUBLICATION, DISTRIBUTION, ETC. |
| Place of publication, distribution, etc. |
Grand Rapids, Mich. ; |
| -- |
Cambridge, U.K. : |
| Name of publisher, distributor, etc. |
W.B. Eerdmans Pub. Co., |
| Date of publication, distribution, etc. |
©2011 |
| 300 ## - PHYSICAL DESCRIPTION |
| Extent |
xxii, 833 pages : |
| Other physical details |
illustrations, maps ; |
| Dimensions |
26 cm |
| 336 ## - CONTENT TYPE |
| Content type term |
text |
| Content type code |
txt |
| Source |
rdacontent |
| 337 ## - MEDIA TYPE |
| Media type term |
unmediated |
| Media type code |
n |
| Source |
rdamedia |
| 338 ## - CARRIER TYPE |
| Carrier type term |
volume |
| Carrier type code |
nc |
| Source |
rdacarrier |
| 500 ## - GENERAL NOTE |
| General note |
Includes indexes |
| 504 ## - BIBLIOGRAPHY, ETC. NOTE |
| Bibliography, etc. note |
Includes bibliographical references and indexes |
| 505 00 - FORMATTED CONTENTS NOTE |
| Title |
Welcome to the Bible. What is the Bible? ; |
| -- |
Lands of the Bible ; |
| -- |
Divine and human ; |
| -- |
Why are these books in the bible? ; |
| -- |
How was the Bible passed down to us? ; |
| -- |
Languages, writing, and alphabets ; |
| -- |
How to interpret the Bible ; |
| -- |
The Bible in English ; |
| -- |
The Bible as literature ; |
| -- |
Archaeology and the Bible ; |
| -- |
Plants and animals ; |
| -- |
Weights, measures, money ; |
| -- |
Measuring time -- |
| -- |
The Old Testament. The Five Books. Genesis ; |
| -- |
Exodus ; |
| -- |
Leviticus ; |
| -- |
Numbers ; |
| -- |
Deuteronomy -- |
| -- |
The historical books. Joshua ; |
| -- |
Judges ; |
| -- |
Ruth ; |
| -- |
1 and 2 Samuel ; |
| -- |
1 and 2 King ; |
| -- |
1 and 2 Chronicles ; |
| -- |
Ezra ; |
| -- |
Nehemiah ; |
| -- |
Esther -- |
| -- |
Poetry and Wisdom literature. Job ; |
| -- |
Psalms ; |
| -- |
Proverbs ; |
| -- |
Ecclesiastes ; |
| -- |
Song of Songs -- |
| -- |
The Prophets. Isaiah ; |
| -- |
Jeremiah ; |
| -- |
Lamentations ; |
| -- |
Ezekiel ; |
| -- |
Daniel ; |
| -- |
Hosea ; |
| -- |
Joel ; |
| -- |
Amos ; |
| -- |
Obadiah ; |
| -- |
Jonah ; |
| -- |
Micah ; |
| -- |
Nahum ; |
| -- |
Habakkuk ; |
| -- |
Zephaniah ; |
| -- |
Haggai ; |
| -- |
Zechariah ; |
| -- |
Malachi -- |
| -- |
The New Testament. The world of the New Testament ; |
| -- |
Judaism in the time of Jesus ; |
| -- |
The use of the Old Testament in the New Testament. The Gospels and Acts. Matthew ; |
| -- |
Mark ; |
| -- |
Luke ; |
| -- |
John ; |
| -- |
Acts -- |
| -- |
The Letters. Romans ; |
| -- |
1 Corinthians ; |
| -- |
2 Corinthians ; |
| -- |
Galatians ; |
| -- |
Ephesians ; |
| -- |
Philippians ; |
| -- |
Colossians ; |
| -- |
1 and 2 Thessalonians ; |
| -- |
1 and 2 Timothy ; |
| -- |
Titus ; |
| -- |
Philemon ; |
| -- |
Hebrews ; |
| -- |
James ; |
| -- |
1 and 2 Peter ; |
| -- |
1, 2, and 3 John Jude ; |
| -- |
Revelation -- |
| -- |
The Bible and the Church. The guide for Christian faith ; |
| -- |
The guide for Christian living -- |
| -- |
Glossary of terms -- |
| -- |
Who's who in the Bible -- |
| -- |
Nations and peoples -- |
| -- |
Gazetteer of places |
| 520 ## - SUMMARY, ETC. |
| Summary, etc. |
This top-quality handbook illuminates the Bible's background, contents, and interpretation. Travelers about to visit a foreign country often study a guidebook with information about that country. Especially helpful are clear, easy-to-use maps, background information on the local area, and articles about important sites to visit. Similarly, the Bible confronts many readers today with a kind of "foreign country in writing" whose customs and culture aren't always clear. The Eerdmans Companion to the Bible will greatly help readers navigate unfamiliar biblical terrain and deepen their knowledge of areas already familiar to them. Over two hundred user-friendly maps, charts, graphics, and photos bring ancient places to life. Numerous articles offer significant insights into the Bible's people, places, and main ideas. Travelers who visit specific individual books will find in-depth, illuminating commentary based on up-to-date research. Reflecting a broad evangelical perspective, The Eerdmans Companion to the Bible continues the publisher's proud tradition of providing quality biblical resources for nearly a century. This handy guidebook promises to make the Word of God come alive as never before. - Publisher |
| 630 00 - SUBJECT ADDED ENTRY--UNIFORM TITLE |
| Uniform title |
Bible |
| Form subdivision |
Introductions |
| 655 #7 - INDEX TERM--GENRE/FORM |
| Genre/form data or focus term |
Introductions. |
| Source of term |
lcgft |
| 700 1# - ADDED ENTRY--PERSONAL NAME |
| Personal name |
Fee, Gordon D |
| 700 1# - ADDED ENTRY--PERSONAL NAME |
| Personal name |
Hubbard, Robert L., |
| Titles and other words associated with a name |
Jr., |
| Dates associated with a name |
1943- |
| 776 08 - ADDITIONAL PHYSICAL FORM ENTRY |
| Relationship information |
Print version: |
| International Standard Book Number |
9781467427142 |
| 942 ## - ADDED ENTRY ELEMENTS (KOHA) |
| Source of classification or shelving scheme |
Dewey Decimal Classification |
| Koha item type |
Reference Books |
| Suppress in OPAC |
No |